Sampling theory in Fourier analysis and signal analysis : foundations

Αποθηκεύτηκε σε:
Λεπτομέρειες βιβλιογραφικής εγγραφής
Κύριος συγγραφέας: Higgins, J. R. (John Rowland), 1935-
Μορφή: Βιβλίο
Γλώσσα:English
Δημοσίευση: Oxford : Clarendon Press, 1996
Σειρά:Oxford science publications
Θέματα:
Ετικέτες: Προσθήκη ετικέτας
Δεν υπάρχουν, Καταχωρήστε ετικέτα πρώτοι!

MARC

LEADER 00000cam a2200000 i 4500
001 1/75345
008 990519s1996 eng d
020 |a 0-19-859699-5 
035 |l 10049318 
040 |a GR-MY-UA  |b gre  |e aacr 
041 0 |a eng 
082 0 |a 515.2433 
100 1 |a Higgins, J. R.   |q (John Rowland),   |d 1935- 
245 1 0 |a Sampling theory in Fourier analysis and signal analysis :  |b foundations /  |c J.R. Higgins 
260 |a Oxford :   |b Clarendon Press,   |c 1996 
300 |a xiii, 222 p.;  |b ill.;  |c 24 cm. 
490 1 |a Oxford science publications 
500 |a Includes bibliographical references and index 
650 0 0 |a Signal processing  |x Statistical methods. 
650 0 0 |a Sampling (Statistics) 
650 0 0 |a Fourier analysis. 
830 0 |a Oxford science publications 
852 |a INST  |b SAMOS  |e 19990519  |h 515.2433 HIG  |p 005300023227  |q 005300023227  |t BK  |y 0 
901 |a BIBL3-1999-2 
909 |a Σ  |b 063922 
922 |a 3ΕΛΗ  |b 199901  |c ΚΠΣ  |d GLORY 
950 |a 116-1998-08-10